Analisa resultaat effisiensi. (Record no. 70523)

MARC details
000 -LEADER
fixed length control field 00693cam a22002411i 4500
001 - CONTROL NUMBER
control field sa 66006444
003 - CONTROL NUMBER IDENTIFIER
control field DLC
005 - DATE AND TIME OF LATEST TRANSACTION
control field 20260227112256.0
008 - FIXED-LENGTH DATA ELEMENTS--GENERAL INFORMATION
fixed length control field 830715s1965 io c 000 0 ind
010 ## - LIBRARY OF CONGRESS CONTROL NUMBER
LC control number sa 66006444
035 ## - SYSTEM CONTROL NUMBER
System control number (OCoLC)9707638
040 ## - CATALOGING SOURCE
Original cataloging agency DLC
Transcribing agency OAU
Modifying agency DLC
042 ## - AUTHENTICATION CODE
Authentication code premarc
050 00 - LIBRARY OF CONGRESS CALL NUMBER
Classification number HF5351
Item number .P83
100 1# - MAIN ENTRY--PERSONAL NAME
Personal name Purba, Radiks.
245 10 - TITLE STATEMENT
Title Analisa resultaat effisiensi.
250 ## - EDITION STATEMENT
Edition statement [Tjet. 1.
260 ## - PUBLICATION, DISTRIBUTION, ETC.
Place of publication, distribution, etc. Djakarta] :
Name of publisher, distributor, etc. Rosadi,
Date of publication, distribution, etc. [1965]
300 ## - PHYSICAL DESCRIPTION
Extent 271 p. :
Other physical details port. ;
Dimensions 21 cm.
500 ## - GENERAL NOTE
General note At head of title: Administrasi perusahaan modern. Modern business administration.
500 ## - GENERAL NOTE
General note Continuation of Kalkulasi tarif prestasi.
650 #0 - SUBJECT ADDED ENTRY--TOPICAL TERM
Topical term or geographic name entry element Business.

No items available.

Powered by Koha